Խորհրդաւոր կնոջ մը գաղտնիքները : (Record no. 534450)
[ view plain ]
| 000 -LEADER | |
|---|---|
| fixed length control field | 00737nam a2200193 a 4500 |
| 001 - CONTROL NUMBER | |
| control field | 2016214 |
| 003 - CONTROL NUMBER IDENTIFIER | |
| control field | AM-YeHGA |
| 005 - DATE AND TIME OF LATEST TRANSACTION | |
| control field | 20251218132504.0 |
| 008 - FIXED-LENGTH DATA ELEMENTS--GENERAL INFORMATION | |
| fixed length control field | 250423s1954 le ||||r|||||00||0|arm|d |
| 040 ## - CATALOGING SOURCE | |
| Original cataloging agency | AM-YeHGA |
| 041 1# - LANGUAGE CODE | |
| Language code of text/sound track or separate title | arm |
| 100 1# - MAIN ENTRY--PERSONAL NAME | |
| Personal name | Դյումա, Ալեքսանդր, |
| Titles and words associated with a name | (հայր) |
| Dates associated with a name | 1802-1870 |
| 9 (RLIN) | 40 |
| 245 10 - TITLE STATEMENT | |
| Title | Խորհրդաւոր կնոջ մը գաղտնիքները : |
| Remainder of title | (Պատմական եւ արկածախնդրական վէպ) / |
| Statement of responsibility, etc. | Աղեքսանդր Տիւմա. |
| 260 ## - PUBLICATION, DISTRIBUTION, ETC. | |
| Place of publication, distribution, etc. | Պէյրութ ։ |
| Name of publisher, distributor, etc. | Ա․ հ․, |
| Date of publication, distribution, etc. | 1954․ |
| 300 ## - PHYSICAL DESCRIPTION | |
| Extent | 201 էջ |
| 440 #0 - SERIES STATEMENT/ADDED ENTRY--TITLE | |
| Title | Հրատարակութիւն Ազդարար օրաթերթի |
| Number of part/section of a work | Թիւ 13 |
| 650 14 - SUBJECT ADDED ENTRY--TOPICAL TERM | |
| Topical term or geographic name entry element | Ֆրանսիական գրականություն |
| 9 (RLIN) | 4810 |
| 942 ## - ADDED ENTRY ELEMENTS (KOHA) | |
| Source of classification or shelving scheme | Universal Decimal Classification |
| Koha item type | Գրքեր / Books |
| Withdrawn status | Lost status | Source of classification or shelving scheme | Damaged status | Not for loan | Collection | Home library | Current library | Date acquired | Total checkouts | Full call number | Barcode | Date last seen | Price effective from | Koha item type | Public note |
|---|---|---|---|---|---|---|---|---|---|---|---|---|---|---|---|
| Universal Decimal Classification | Zhamkochyan Individual collection | Fundamental Scientific Library | Fundamental Scientific Library | 23/04/2025 | Ժամ/308 | FL0691432 | 23/04/2025 | 23/04/2025 | Գրքեր / Books | ILL Non-Circ. |
ՀՀ Գիտությունների ազգային ակադեմիայի հիմնարար գիտական գրադարան = Fundamental Scientific Library of NAS RA
All site content, except where otherwise noted, is licensed under a